[Event "Skovbo GM"]
[Site "Borup"]
[Date "2012.09.14"]
[Round "1"]
[White "Stojanovski, Sandi"]
[Black "Christensen, Henrik"]
[Result "1-0"]
[WhiteElo "2214"]
[BlackElo "2026"]
[PlyCount "57"]
[EventDate "2012.09.14"]
[EventType "swiss"]
[EventRounds "9"]
[EventCountry "DEN"]
[Source "ChessBase"]
[SourceDate "2012.10.19"]

1. d4 d5 2. c4 e6 3. Nc3 c6 4. Nf3 Nf6 5. Bg5 Nbd7 6. e3 Qa5 7. cxd5 Nxd5 8.
Qd2 b6 9. Bd3 Nb4 10. Be2 Ba6 11. O-O Bxe2 12. Nxe2 Qb5 13. a3 Nd5 14. e4 N5f6
15. Nc3 Qa6 16. d5 Nc5 17. Bxf6 gxf6 18. dxc6 Qc8 19. b4 Nb3 20. Qd7+ Qxd7 21.
cxd7+ Kxd7 22. Rab1 Nc5 23. Rfd1+ Kc8 24. bxc5 Bxc5 25. e5 fxe5 26. Nxe5 f6 27.
Nc4 Rg8 28. Ne4 Be7 29. Rbc1 1-0

[Event "Skovbo GM"]
[Site "Borup"]
[Date "2012.09.14"]
[Round "1"]
[White "Vesterli, Michael E"]
[Black "Molvig, Julius"]
[Result "1-0"]
[WhiteElo "2037"]
[BlackElo "1904"]
[PlyCount "63"]
[EventDate "2012.09.14"]
[EventType "swiss"]
[EventRounds "9"]
[EventCountry "DEN"]
[Source "ChessBase"]
[SourceDate "2012.10.19"]

1. d4 Nf6 2. c4 c5 3. d5 b5 4. Nf3 g6 5. cxb5 a6 6. b6 Qxb6 7. Nc3 Bg7 8. e4 d6
9. Be2 O-O 10. O-O Nbd7 11. a4 Ng4 12. Nd2 Nde5 13. a5 Qc7 14. h3 Nf6 15. f4
Ned7 16. Nc4 Bb7 17. Bf3 Rfb8 18. Re1 Ne8 19. Qd3 Ra7 20. Be3 Bc8 21. Bf2 Rb3
22. Bh4 Kf8 23. Bg3 e5 24. dxe6 fxe6 25. Rf1 Kg8 26. Kh2 Nb8 27. f5 exf5 28.
exf5 Bxf5 29. Qd5+ Qf7 30. Qd1 Be6 31. Qxb3 Bxc4 32. Qxb8 1-0

[Event "Skovbo GM"]
[Site "Borup"]
[Date "2012.09.15"]
[Round "2"]
[White "Andersen, Bjarne Hjorth"]
[Black "Kokholm, Daniel"]
[Result "1/2-1/2"]
[WhiteElo "2035"]
[BlackElo "1914"]
[PlyCount "38"]
[EventDate "2012.09.14"]
[EventType "swiss"]
[EventRounds "9"]
[EventCountry "DEN"]
[Source "ChessBase"]
[SourceDate "2012.10.19"]

1. e4 d6 2. d4 Nf6 3. Nc3 g6 4. h3 Bg7 5. Be3 c6 6. Qd2 b5 7. Bd3 a6 8. a3 Qc7
9. Nf3 Nbd7 10. O-O e5 11. dxe5 dxe5 12. Rad1 O-O 13. Bh6 Bb7 14. Bxg7 Kxg7 15.
Rfe1 Rfe8 16. Bf1 Rad8 17. Qe3 Nh5 18. g3 h6 19. Nh4 Kh7 1/2-1/2

[Event "Skovbo GM"]
[Site "Borup"]
[Date "2012.09.15"]
[Round "2"]
[White "Andersen, Troels Baekgaard"]
[Black "Preuss, Flemming"]
[Result "0-1"]
[WhiteElo "1771"]
[BlackElo "1990"]
[PlyCount "58"]
[EventDate "2012.09.14"]
[EventType "swiss"]
[EventRounds "9"]
[EventCountry "DEN"]
[Source "ChessBase"]
[SourceDate "2012.10.19"]

1. d4 f5 2. g3 Nf6 3. Bg2 g6 4. Nf3 d6 5. c4 Bg7 6. Nc3 O-O 7. O-O Nc6 8. d5
Ne5 9. Nxe5 dxe5 10. e4 f4 11. c5 g5 12. Qb3 Kh8 13. Rd1 h5 14. Nb5 a6 15. Na3
Qe8 16. Nc4 Ng4 17. d6 exd6 18. cxd6 Be6 19. Qb4 Qf7 20. b3 b5 21. Nb2 fxg3 22.
fxg3 h4 23. Rf1 Qh5 24. gxh4 Qxh4 25. Rxf8+ Rxf8 26. h3 Rf2 27. Nd3 Re2 28. Bd2
Qg3 29. Ne1 Qh2+ 0-1

[Event "Skovbo GM"]
[Site "Borup"]
[Date "2012.09.15"]
[Round "2"]
[White "Antonsen, Mikkel"]
[Black "Larsen, Karsten"]
[Result "1/2-1/2"]
[WhiteElo "2445"]
[BlackElo "2288"]
[PlyCount "96"]
[EventDate "2012.09.14"]
[EventType "swiss"]
[EventRounds "9"]
[EventCountry "DEN"]
[Source "ChessBase"]
[SourceDate "2012.10.19"]

1. d4 Nf6 2. c4 e6 3. Nc3 d5 4. cxd5 exd5 5. Bg5 Be7 6. e3 c6 7. Qc2 Nbd7 8.
Nf3 O-O 9. Bd3 Re8 10. h3 Nf8 11. Bf4 Ng6 12. Bh2 Bd6 13. Bxd6 Qxd6 14. O-O-O
Be6 15. Kb1 Rac8 16. Rc1 Re7 17. g4 Rce8 18. Ka1 Bc8 19. g5 Ne4 20. h4 Nxc3 21.
Qxc3 Bg4 22. Nh2 Bh5 23. Nf1 Bf3 24. Rh2 Be4 25. Be2 Bf5 26. Bd1 Nf8 27. Qd2 b6
28. Ba4 Rc8 29. Ng3 Be6 30. h5 c5 31. h6 g6 32. Rhh1 c4 33. e4 Rb7 34. Bb5 Rcc7
35. e5 Qe7 36. f4 a6 37. Ba4 b5 38. Bd1 b4 39. Bf3 a5 40. f5 gxf5 41. Nh5 Qd8
42. Qg2 Rb5 43. Nf4 Ng6 44. Ne2 a4 45. Bh5 Qd7 46. Qg3 Rcb7 47. Bxg6 fxg6 48.
Nf4 Qf7 1/2-1/2

[Event "Skovbo GM"]
[Site "Borup"]
[Date "2012.09.15"]
[Round "2"]
[White "Bekker Jensen, Simon"]
[Black "Semcesen, Daniel"]
[Result "1/2-1/2"]
[WhiteElo "2402"]
[BlackElo "2466"]
[PlyCount "27"]
[EventDate "2012.09.14"]
[EventType "swiss"]
[EventRounds "9"]
[EventCountry "DEN"]
[Source "ChessBase"]
[SourceDate "2012.10.19"]

1. d4 d5 2. c4 dxc4 3. e3 e5 4. Bxc4 exd4 5. exd4 Bd6 6. Nf3 Nf6 7. O-O O-O 8.
h3 h6 9. Nc3 Nc6 10. Qc2 Na5 11. Bd3 Nc6 12. Bc4 Na5 13. Bd3 Nc6 14. Bc4
1/2-1/2

[Event "Skovbo GM"]
[Site "Borup"]
[Date "2012.09.15"]
[Round "2"]
[White "Bintzik, Bernhard"]
[Black "Rostgaard, Tobias Valentin"]
[Result "0-1"]
[WhiteElo "1970"]
[BlackElo "2227"]
[PlyCount "68"]
[EventDate "2012.09.14"]
[EventType "swiss"]
[EventRounds "9"]
[EventCountry "DEN"]
[Source "ChessBase"]
[SourceDate "2012.10.19"]

1. Nf3 d5 2. b3 c5 3. e3 Nc6 4. Bb2 Nf6 5. d4 cxd4 6. exd4 Bf5 7. Be2 e6 8. O-O
Be7 9. a3 O-O 10. Nh4 Be4 11. f3 Bg6 12. Nxg6 hxg6 13. f4 Ne4 14. Qd3 Qb6 15.
Nd2 Nxd2 16. Qxd2 Bf6 17. Rad1 Rfc8 18. Kh1 Rc7 19. g4 Rac8 20. g5 Be7 21. Qe3
Na5 22. Bd3 Rxc2 23. Bxc2 Rxc2 24. Rf2 Rxf2 25. Qxf2 Qxb3 26. Qe2 Nc4 27. Rd3
Qxb2 28. Qxb2 Nxb2 29. Rb3 Nc4 30. Rxb7 Bxa3 31. Rxa7 Bd6 32. Ra8+ Kh7 33. Ra7
Bxf4 34. Rxf7 Bxg5 0-1

[Event "Skovbo GM"]
[Site "Borup"]
[Date "2012.09.15"]
[Round "2"]
[White "Carstensen, Jacob"]
[Black "Percivaldi, Martin"]
[Result "1-0"]
[WhiteElo "2363"]
[BlackElo "2041"]
[PlyCount "59"]
[EventDate "2012.09.14"]
[EventType "swiss"]
[EventRounds "9"]
[EventCountry "DEN"]
[Source "ChessBase"]
[SourceDate "2012.10.19"]

1. d4 d5 2. c4 c6 3. Nf3 Nf6 4. e3 Bf5 5. Nc3 e6 6. Nh4 Bg6 7. g3 Nbd7 8. Nxg6
hxg6 9. Qe2 Bd6 10. Bg2 Qe7 11. O-O O-O 12. b3 Rfe8 13. f4 Rac8 14. c5 Bc7 15.
b4 Nb8 16. g4 Nfd7 17. g5 f6 18. e4 dxe4 19. Nxe4 Nf8 20. Bb2 Nbd7 21. Rae1 a5
22. b5 e5 23. gxf6 gxf6 24. fxe5 fxe5 25. bxc6 bxc6 26. Nd6 Bxd6 27. cxd6 Qxd6
28. dxe5 Qe6 29. Qc2 Nh7 30. Bh3 1-0

[Event "Skovbo GM"]
[Site "Borup"]
[Date "2012.09.15"]
[Round "2"]
[White "Christensen, Casper"]
[Black "Hansen, Henrik Damgaard"]
[Result "1-0"]
[WhiteElo "1995"]
[BlackElo "1823"]
[PlyCount "69"]
[EventDate "2012.09.14"]
[EventType "swiss"]
[EventRounds "9"]
[EventCountry "DEN"]
[Source "ChessBase"]
[SourceDate "2012.10.19"]

1. e4 g6 2. d4 Bg7 3. c3 d6 4. f4 c5 5. Nf3 cxd4 6. cxd4 a6 7. Nc3 e6 8. d5 e5
9. fxe5 dxe5 10. Be3 Nd7 11. Qa4 Ne7 12. Qb4 O-O 13. a4 b6 14. Nd2 a5 15. Qa3
Bb7 16. Bc4 Kh8 17. Nb5 Nc8 18. O-O f6 19. d6 Na7 20. Nc7 Rc8 21. Ne6 Qe8 22.
Nxf8 Bxf8 23. Bd5 Bxd5 24. exd5 Qd8 25. Ne4 Kg7 26. Qd3 Rb8 27. Rac1 Nc8 28.
Rc6 h6 29. Bxh6+ Kxh6 30. Qh3+ Kg7 31. Rc7 f5 32. Ng5 Qxg5 33. Rxd7+ Ne7 34.
dxe7 Bxe7 35. d6 1-0

[Event "Skovbo GM"]
[Site "Borup"]
[Date "2012.09.15"]
[Round "2"]
[White "Christensen, Henrik"]
[Black "Christophersen, David"]
[Result "1/2-1/2"]
[WhiteElo "2026"]
[BlackElo "1839"]
[PlyCount "46"]
[EventDate "2012.09.14"]
[EventType "swiss"]
[EventRounds "9"]
[EventCountry "DEN"]
[Source "ChessBase"]
[SourceDate "2012.10.19"]

1. d4 Nf6 2. Nf3 g6 3. c4 Bg7 4. Nc3 O-O 5. e4 d6 6. h3 c5 7. Be3 cxd4 8. Nxd4
Nc6 9. Qd2 a6 10. Be2 Nd7 11. O-O Re8 12. Rfd1 Nf8 13. Nd5 Ne6 14. Nxe6 Bxe6
15. Bb6 Qd7 16. Nc7 Ne5 17. Nxe8 Rxe8 18. Rac1 Qc6 19. Qe3 Qa4 20. b3 Qxa2 21.
Ra1 Nf3+ 22. Bxf3 Bxa1 23. Be2 Bg7 1/2-1/2

[Event "Skovbo GM"]
[Site "Borup"]
[Date "2012.09.15"]
[Round "2"]
[White "Eriksson, Christian Altenburg"]
[Black "Bejtovic, Jasmin"]
[Result "0-1"]
[WhiteElo "2118"]
[BlackElo "2390"]
[PlyCount "140"]
[EventDate "2012.09.14"]
[EventType "swiss"]
[EventRounds "9"]
[EventCountry "DEN"]
[Source "ChessBase"]
[SourceDate "2012.10.19"]

1. e4 c5 2. c3 d6 3. d4 Nf6 4. Bd3 e5 5. Nf3 Nc6 6. d5 Ne7 7. O-O g6 8. Bg5 Bg7
9. Nbd2 O-O 10. a4 Nh5 11. Nc4 h6 12. Bd2 Nf4 13. Bxf4 exf4 14. Re1 Bg4 15. Bc2
Be5 16. Qd3 Bxf3 17. Qxf3 g5 18. Qh5 Kg7 19. Rad1 Ng6 20. Rd2 Re8 21. Qg4 Qe7
22. Qh5 Rab8 23. Ra1 Qf6 24. Rdd1 Qe7 25. Bd3 Nf8 26. Nd2 Nd7 27. Qe2 Rh8 28.
Nc4 h5 29. a5 g4 30. f3 Qg5 31. Kh1 Rh6 32. Rg1 Rg6 33. Nd2 Rh8 34. a6 b6 35.
Rgf1 Nf6 36. Rae1 h4 37. fxg4 Nxg4 38. Nf3 Qh6 39. h3 Ne3 40. Rf2 Rg8 41. Rg1
Rg3 42. Nd2 Kh8 43. Nf1 Nxf1 44. Qxf1 Re3 45. Rf3 Rg3 46. Rxe3 Rxe3 47. Be2 f3
48. gxf3 Bg3 49. Bd1 Qf4 50. Qg2 Rd3 51. Qf1 Qd2 52. Qe2 Qxe2 53. Bxe2 Rd2 54.
Rg2 Rxb2 55. Bd3 Rb3 56. Rc2 b5 57. Be2 c4 58. Kg2 Be5 59. Kf2 Bxc3 60. Ra2
Bd4+ 61. Kg2 Kg7 62. f4 Rg3+ 63. Kh2 Be3 64. Bf1 Bxf4 65. Rg2 c3 66. Bd3 b4 67.
Bc2 Kf6 68. Rxg3 hxg3+ 69. Kg2 Ke5 70. Kf3 Kd4 0-1

[Event "Skovbo GM"]
[Site "Borup"]
[Date "2012.09.15"]
[Round "2"]
[White "Hansen, Erik Levin"]
[Black "Schmidt, Horst Hubert"]
[Result "1/2-1/2"]
[WhiteElo "1753"]
[BlackElo "1863"]
[PlyCount "126"]
[EventDate "2012.09.14"]
[EventType "swiss"]
[EventRounds "9"]
[EventCountry "DEN"]
[Source "ChessBase"]
[SourceDate "2012.10.19"]

1. e4 d6 2. d4 g6 3. Nf3 Bg7 4. c3 Nf6 5. Bd3 O-O 6. h3 c6 7. O-O b6 8. Bf4 a5
9. Re1 Na6 10. Qe2 Nc7 11. Nbd2 Ne6 12. Bh2 Nh5 13. Qe3 Nc7 14. Nf1 b5 15. Rad1
Be6 16. Bb1 b4 17. g4 Nf6 18. Ng5 bxc3 19. Nxe6 fxe6 20. bxc3 Rb8 21. Nd2 a4
22. Bc2 a3 23. Bb3 Kh8 24. Bf4 Nb5 25. Bxe6 Qa5 26. Rc1 Ne8 27. Nb3 Qd8 28. Bg3
Nbc7 29. Bc4 e6 30. g5 Qd7 31. Kg2 Na8 32. Qe2 Nb6 33. Bd3 Na4 34. e5 d5 35. h4
Qf7 36. Rh1 h5 37. c4 Nb2 38. Rhf1 Nc7 39. Nc5 Rb4 40. cxd5 Nxd5 41. Nb3 Nf4+
42. Bxf4 Nxd3 43. Qxd3 Qxf4 44. Qg3 Qe4+ 45. Kg1 Rf4 46. f3 Qe3+ 47. Kg2 Rfxd4
48. Nxd4 Bxe5 49. Nc2 Rb2 50. Qf2 Qf4 51. Rh1 Rxa2 52. Rcd1 Rxc2 53. Qxc2 Qg3+
54. Kf1 Qxf3+ 55. Kg1 Qg4+ 56. Kf1 Qf3+ 57. Kg1 Bc7 58. Rd2 Bb6+ 59. Rf2 a2 60.
Qxa2 Qd1+ 61. Kg2 Qg4+ 62. Kf1 Qd1+ 63. Kg2 Qg4+ 1/2-1/2

[Event "Skovbo GM"]
[Site "Borup"]
[Date "2012.09.15"]
[Round "2"]
[White "Hubka, Roland"]
[Black "Jacobsen, Mads Holger Bang"]
[Result "1-0"]
[WhiteElo "2000"]
[BlackElo "2046"]
[PlyCount "115"]
[EventDate "2012.09.14"]
[EventType "swiss"]
[EventRounds "9"]
[EventCountry "DEN"]
[Source "ChessBase"]
[SourceDate "2012.10.19"]

1. c4 e5 2. Nc3 d6 3. g3 f5 4. Bg2 Nf6 5. d3 Be7 6. Nf3 O-O 7. O-O c6 8. Qc2
Qe8 9. e3 Qh5 10. a3 g5 11. b4 f4 12. exf4 gxf4 13. gxf4 Kh8 14. Ne2 exf4 15.
Nxf4 Qg4 16. h3 Qg7 17. Bb2 Qh6 18. Qd2 Bf5 19. Rad1 Nbd7 20. Ne2 Qg7 21. Ng3
Bg6 22. Rfe1 c5 23. Ng5 Rfe8 24. f4 Rab8 25. Re3 Bd8 26. Rde1 Rxe3 27. Rxe3
cxb4 28. axb4 Bb6 29. d4 d5 30. c5 Bd8 31. Ne6 Qg8 32. f5 Bf7 33. b5 Nf8 34.
Nxd8 Rxd8 35. Qa5 Re8 36. Rxe8 Bxe8 37. Kh2 Qg7 38. b6 a6 39. Qe1 h5 40. Bxd5
h4 41. Nf1 Bb5 42. Qxh4+ N8h7 43. Bg2 Qf7 44. d5 Kg8 45. Qg3+ Kf8 46. Qb8+ Kg7
47. Ne3 Qe7 48. Ng4 Kf7 49. Nxf6 Nxf6 50. Bxf6 Kxf6 51. Qh8+ Kxf5 52. Qh5+ Kf4
53. d6 Qe1 54. Qg4+ Ke5 55. d7 Qd2 56. Qe4+ Kf6 57. d8=Q+ Qxd8 58. Qh4+ 1-0

[Event "Skovbo GM"]
[Site "Borup"]
[Date "2012.09.15"]
[Round "2"]
[White "Jensen, Steen Dahlgaard"]
[Black "Olsen, Michael Richard W"]
[Result "0-1"]
[WhiteElo "1846"]
[BlackElo "1997"]
[PlyCount "42"]
[EventDate "2012.09.14"]
[EventType "swiss"]
[EventRounds "9"]
[EventCountry "DEN"]
[Source "ChessBase"]
[SourceDate "2012.10.19"]

1. e4 e6 2. Nf3 d5 3. Nc3 dxe4 4. Nxe4 Be7 5. d4 Nf6 6. Bd3 Nbd7 7. c3 b6 8.
Bf4 Bb7 9. Ned2 O-O 10. O-O c5 11. Qe2 cxd4 12. Nxd4 Nc5 13. Bc2 Ba6 14. Qf3
Bxf1 15. Kxf1 Rc8 16. Nc6 Rxc6 17. Qxc6 Nd5 18. Be5 Ne3+ 19. fxe3 Qxd2 20. b4
Qxc2 21. bxc5 Qf5+ 0-1

[Event "Skovbo GM"]
[Site "Borup"]
[Date "2012.09.15"]
[Round "2"]
[White "Jepson, Christian"]
[Black "Vijayalakshmi, Subbaraman"]
[Result "0-1"]
[WhiteElo "2388"]
[BlackElo "2387"]
[PlyCount "74"]
[EventDate "2012.09.14"]
[EventType "swiss"]
[EventRounds "9"]
[EventCountry "DEN"]
[Source "ChessBase"]
[SourceDate "2012.10.19"]

1. d4 Nf6 2. c4 d6 3. Nf3 Bf5 4. Nc3 Nbd7 5. Nh4 Bg6 6. Nxg6 hxg6 7. g3 e5 8.
Bg2 c6 9. O-O Be7 10. e3 Qc7 11. b3 g5 12. d5 c5 13. e4 g4 14. Qe2 Nf8 15. f3
gxf3 16. Rxf3 Qd7 17. Bd2 O-O-O 18. a3 Ng6 19. b4 Rh7 20. bxc5 dxc5 21. Rb1
Rdh8 22. h4 a6 23. Bg5 Ne8 24. Rxf7 Nd6 25. Qf1 Kb8 26. Bxe7 Nxe7 27. Rf8+ Rxf8
28. Qxf8+ Nec8 29. Qf2 g5 30. hxg5 Qg4 31. Qf3 Qxg5 32. Na4 Nxc4 33. Qc3 Qh6
34. Nxc5 Qh2+ 35. Kf1 Rf7+ 36. Bf3 Rxf3+ 37. Qxf3 Nd2+ 0-1

[Event "Skovbo GM"]
[Site "Borup"]
[Date "2012.09.15"]
[Round "2"]
[White "Jorgensen, Brian Jorgen"]
[Black "Miezis, Normunds"]
[Result "0-1"]
[WhiteElo "2244"]
[BlackElo "2574"]
[PlyCount "94"]
[EventDate "2012.09.14"]
[EventType "swiss"]
[EventRounds "9"]
[EventCountry "DEN"]
[Source "ChessBase"]
[SourceDate "2012.10.19"]

1. d4 Nf6 2. Nf3 c5 3. d5 e6 4. c4 exd5 5. cxd5 Bd6 6. Nc3 Bc7 7. g3 d6 8. Bg2
O-O 9. O-O a6 10. a4 Re8 11. Nd2 Nbd7 12. Nc4 Rb8 13. Bf4 Nf8 14. a5 Ng6 15. e3
h6 16. Re1 Ng4 17. Qa4 Bd7 18. Qb3 Nxf4 19. exf4 Rxe1+ 20. Rxe1 Bxa5 21. Nxd6
b5 22. Qd1 Nf6 23. Nde4 Nxe4 24. Rxe4 Qf6 25. Re3 Bxc3 26. Rxc3 c4 27. Qd2 a5
28. Be4 a4 29. Kg2 Rd8 30. h3 Qd6 31. Qe3 Rc8 32. Rc1 Qc5 33. Qd2 b4 34. Bc2
Bb5 35. Be4 Kf8 36. d6 Rd8 37. Rd1 Bd7 38. Qc2 c3 39. bxc3 b3 40. Qb2 Bxh3+ 41.
Kh2 Be6 42. f5 Bc4 43. Ra1 Bb5 44. f6 Qe5 45. fxg7+ Kxg7 46. f4 Qxd6 47. c4+
Qd4 0-1

[Event "Skovbo GM"]
[Site "Borup"]
[Date "2012.09.15"]
[Round "2"]
[White "Mikkelsen, Nikolaj"]
[Black "Stojanovski, Sandi"]
[Result "1-0"]
[WhiteElo "2425"]
[BlackElo "2214"]
[PlyCount "59"]
[EventDate "2012.09.14"]
[EventType "swiss"]
[EventRounds "9"]
[EventCountry "DEN"]
[Source "ChessBase"]
[SourceDate "2012.10.19"]

1. e4 c5 2. Nf3 Nc6 3. Bb5 g6 4. Bxc6 dxc6 5. d3 Bg7 6. h3 Nf6 7. Nc3 O-O 8.
O-O Qc7 9. Be3 b6 10. Qd2 e5 11. Bh6 Nh5 12. Nh2 Be6 13. Bxg7 Kxg7 14. Ne2 Rad8
15. f4 exf4 16. Nxf4 Nxf4 17. Rxf4 f6 18. Raf1 Qe5 19. b3 g5 20. R4f2 Rf7 21.
Qe2 b5 22. Ng4 Bxg4 23. Qxg4 c4 24. Rf5 Qd4+ 25. Kh1 cxd3 26. cxd3 Re8 27. Qf3
Qd7 28. Rxf6 Rfe7 29. Qh5 Kh8 30. Rf7 1-0

[Event "Skovbo GM"]
[Site "Borup"]
[Date "2012.09.15"]
[Round "2"]
[White "Molvig, Julius"]
[Black "Jorgensen, Alexander Torp"]
[Result "1-0"]
[WhiteElo "1904"]
[BlackElo "1584"]
[PlyCount "85"]
[EventDate "2012.09.14"]
[EventType "swiss"]
[EventRounds "9"]
[EventCountry "DEN"]
[Source "ChessBase"]
[SourceDate "2012.10.19"]

1. d4 d5 2. c4 Nc6 3. Nf3 dxc4 4. d5 Na5 5. Qa4+ c6 6. Bd2 b5 7. Qxa5 Qxa5 8.
Bxa5 cxd5 9. Nc3 e6 10. a3 a6 11. Bc7 Nf6 12. e3 g6 13. Be2 Bg7 14. Bd6 Bd7 15.
Ne5 Ng8 16. Nf3 a5 17. O-O Ra6 18. Be5 f6 19. Bg3 Ne7 20. Nd4 O-O 21. Ndxb5
Bxb5 22. Nxb5 e5 23. Nc3 Rb6 24. Nxd5 Nxd5 25. Bxc4 Rd8 26. e4 Rxb2 27. Bxd5+
Kh8 28. Rab1 Rc2 29. Rb5 a4 30. Ra5 Rc3 31. Rxa4 Bf8 32. Ra6 Be7 33. a4 Rdc8
34. h3 g5 35. Kh2 Rc2 36. a5 R8c3 37. Ra8+ Kg7 38. a6 Bc5 39. a7 Kh6 40. Ra1
Bxf2 41. Bxf2 Rxf2 42. Rh8 Rcc2 43. Rg1 1-0

[Event "Skovbo GM"]
[Site "Borup"]
[Date "2012.09.15"]
[Round "2"]
[White "Nilssen, John Arni"]
[Black "Danielsen, Henrik"]
[Result "0-1"]
[WhiteElo "2372"]
[BlackElo "2509"]
[PlyCount "68"]
[EventDate "2012.09.14"]
[EventType "swiss"]
[EventRounds "9"]
[EventCountry "DEN"]
[Source "ChessBase"]
[SourceDate "2012.10.19"]

1. d4 d6 2. e4 Nf6 3. Bd3 e5 4. c3 Be7 5. Nf3 Nbd7 6. O-O O-O 7. Re1 c6 8. a4
b6 9. b4 Re8 10. Na3 Bb7 11. dxe5 Nxe5 12. Nxe5 dxe5 13. Qe2 Qc7 14. Ba6 Bxa6
15. Qxa6 Rad8 16. Nc2 c5 17. Qc4 Qd7 18. b5 Qd3 19. Qxd3 Rxd3 20. c4 Rc3 21.
Ne3 Nxe4 22. Bb2 Rb3 23. Bxe5 Bg5 24. a5 bxa5 25. f4 Rxe5 26. fxg5 Nd2 27. Ng4
Rxe1+ 28. Rxe1 Rb1 29. Rxb1 Nxb1 30. Ne3 a4 31. Nc2 a3 32. Kf2 a2 33. Ke3 Na3
34. Na1 Nxc4+ 0-1

[Event "Skovbo GM"]
[Site "Borup"]
[Date "2012.09.15"]
[Round "2"]
[White "Pedersen, Hans Dahl"]
[Black "Knudsen, Jes West"]
[Result "0-1"]
[WhiteElo "2211"]
[BlackElo "1892"]
[PlyCount "78"]
[EventDate "2012.09.14"]
[EventType "swiss"]
[EventRounds "9"]
[EventCountry "DEN"]
[Source "ChessBase"]
[SourceDate "2012.10.19"]

1. c4 f5 2. g3 Nf6 3. Bg2 c6 4. Nf3 d5 5. b3 dxc4 6. bxc4 e5 7. Bb2 Bc5 8. e3
e4 9. Nd4 Na6 10. O-O O-O 11. f3 Nb4 12. Nb3 Be7 13. Bd4 Be6 14. a3 Na6 15. Qc2
b5 16. cxb5 cxb5 17. Nc3 Bc4 18. fxe4 Bxf1 19. Bxf1 fxe4 20. Nxe4 Rc8 21. Qd3
Qd7 22. Ng5 Nc7 23. Bh3 Qd5 24. Bxc8 Rxc8 25. Nh3 Ne6 26. Nf4 Nxf4 27. gxf4 Ne4
28. a4 Rc6 29. Qxb5 Rg6+ 30. Kf1 Nc5 31. e4 Qxb3 32. Bxc5 Qxb5+ 33. axb5 Bxc5
34. Ra4 Rg1+ 35. Ke2 Rg2+ 36. Kd3 Rxh2 37. Rc4 Bb6 38. e5 Kf7 39. Rc6 Rf2 0-1

[Event "Skovbo GM"]
[Site "Borup"]
[Date "2012.09.15"]
[Round "2"]
[White "Pedersen, Sven"]
[Black "Hagen, Andreas Skytte"]
[Result "0-1"]
[WhiteElo "2121"]
[BlackElo "2422"]
[PlyCount "114"]
[EventDate "2012.09.14"]
[EventType "swiss"]
[EventRounds "9"]
[EventCountry "DEN"]
[Source "ChessBase"]
[SourceDate "2012.10.19"]

1. e4 e5 2. Nf3 Nc6 3. Bb5 Nf6 4. d3 Bc5 5. c3 O-O 6. O-O d5 7. exd5 Qxd5 8.
Bxc6 bxc6 9. Nxe5 Qxe5 10. d4 Qf5 11. dxc5 Ba6 12. Re1 Ng4 13. Qf3 Rfe8 14. Be3
Nxe3 15. fxe3 Qxc5 16. Nd2 Qb6 17. b3 Re7 18. c4 Rae8 19. Nf1 c5 20. Ng3 Bb7
21. e4 Re5 22. Rad1 Qe6 23. Qf2 h5 24. Qf4 g6 25. Rf1 Kg7 26. Rd2 Re7 27. Qf2
h4 28. Ne2 Rxe4 29. Nf4 Qg4 30. h3 Qg5 31. Nd5 Rd7 32. Rd3 Re5 33. Rf3 f5 34.
Qb2 Rdxd5 35. cxd5 Qf6 36. Rd3 Bxd5 37. Qd2 c6 38. Re1 Rxe1+ 39. Qxe1 Qg5 40.
Qc3+ Kh7 41. Qd2 f4 42. Rc3 Qe5 43. Kf1 Qf5 44. Qe1 g5 45. Kg1 Kh6 46. Kh2 Be4
47. Qf2 f3 48. gxf3 Qe5+ 49. Kg2 Qxc3 50. fxe4 Kg7 51. Kh2 Qe5+ 52. Kg1 Qxe4
53. Qxc5 Qe1+ 54. Kg2 Qg3+ 55. Kf1 Qxh3+ 56. Ke2 Qg2+ 57. Kd3 Qd5+ 0-1

[Event "Skovbo GM"]
[Site "Borup"]
[Date "2012.09.15"]
[Round "2"]
[White "Petersen, Nils"]
[Black "Hagerup, Per"]
[Result "1-0"]
[WhiteElo "1958"]
[BlackElo "1660"]
[PlyCount "59"]
[EventDate "2012.09.14"]
[EventType "swiss"]
[EventRounds "9"]
[EventCountry "DEN"]
[Source "ChessBase"]
[SourceDate "2012.10.19"]

1. c4 Nf6 2. g3 g6 3. Bg2 Bg7 4. Nc3 c6 5. e4 d6 6. Nge2 e5 7. O-O O-O 8. d3
Qc7 9. h3 Ne8 10. Be3 Be6 11. Qd2 Na6 12. Rac1 f5 13. b3 Qd7 14. Kh2 c5 15. Nd5
Nec7 16. f4 fxe4 17. dxe4 Rad8 18. fxe5 dxe5 19. Bg5 Rde8 20. Nec3 Kh8 21. Bh6
Nxd5 22. cxd5 Bg8 23. h4 b6 24. Bh3 Bxh6 25. Qxh6 Qg7 26. Qxg7+ Kxg7 27. Rcd1
Nb8 28. Nb5 a6 29. Nc7 Rxf1 30. Nxe8+ 1-0

[Event "Skovbo GM"]
[Site "Borup"]
[Date "2012.09.15"]
[Round "2"]
[White "Rhee, Alexander H"]
[Black "Kristiansen, Jens"]
[Result "0-1"]
[WhiteElo "2183"]
[BlackElo "2430"]
[PlyCount "44"]
[EventDate "2012.09.14"]
[EventType "swiss"]
[EventRounds "9"]
[EventCountry "DEN"]
[Source "ChessBase"]
[SourceDate "2012.10.19"]

1. d4 g6 2. c4 Bg7 3. Nc3 d6 4. e4 Nd7 5. h3 e5 6. d5 Ne7 7. g4 O-O 8. Bg5 h6
9. Be3 f5 10. f3 a5 11. Qd2 Kh7 12. Bd3 Nc5 13. Bc2 b6 14. a3 Bd7 15. b3 Ng8
16. exf5 gxf5 17. Nge2 Kh8 18. Ng3 f4 19. Bxc5 fxg3 20. Be3 e4 21. O-O-O Qf6
22. Bd4 Qxd4 0-1

[Event "Skovbo GM"]
[Site "Borup"]
[Date "2012.09.15"]
[Round "2"]
[White "Sorensen, Dick"]
[Black "Hansen, Lars Henrik Bech"]
[Result "1/2-1/2"]
[WhiteElo "2041"]
[BlackElo "2013"]
[PlyCount "30"]
[EventDate "2012.09.14"]
[EventType "swiss"]
[EventRounds "9"]
[EventCountry "DEN"]
[Source "ChessBase"]
[SourceDate "2012.10.19"]

1. d4 g6 2. e4 d6 3. Bc4 Nf6 4. f3 c5 5. c3 cxd4 6. cxd4 Nc6 7. Nc3 Bg7 8. Be3
Bd7 9. Nge2 Rc8 10. O-O O-O 11. Qd2 a6 12. a3 Nxd4 13. Bxf7+ Rxf7 14. Nxd4 e5
15. Nc2 Be6 1/2-1/2

[Event "Skovbo GM"]
[Site "Borup"]
[Date "2012.09.15"]
[Round "2"]
[White "Stuhr, Finn"]
[Black "Hein, Jacob"]
[Result "1-0"]
[WhiteElo "1657"]
[BlackElo "1490"]
[PlyCount "59"]
[EventDate "2012.09.14"]
[EventType "swiss"]
[EventRounds "9"]
[EventCountry "DEN"]
[Source "ChessBase"]
[SourceDate "2012.10.19"]

1. e4 d6 2. d4 Nf6 3. Nc3 g6 4. b3 Bg7 5. Bb2 c6 6. Nf3 O-O 7. Qd2 Nbd7 8.
O-O-O Ng4 9. h3 Bh6 10. Ng5 Ngf6 11. f4 e5 12. dxe5 dxe5 13. g3 Nh5 14. Ne2
Nxg3 15. Rg1 exf4 16. Qc3 Qf6 17. Qxf6 Nxf6 18. Bxf6 Nxf1 19. Rgxf1 Bxh3 20.
Nxh3 f3+ 21. Nef4 Rae8 22. e5 c5 23. Rxf3 Re6 24. Kb1 Rb6 25. Nd5 Re6 26. Ne7+
Rxe7 27. Bxe7 Re8 28. Rd8 Rxd8 29. Bxd8 Kf8 30. Rd3 1-0